| 000 | 00446nam a22001937a 4500 | ||
|---|---|---|---|
| 003 | UA-OsUOA | ||
| 001 | 37937 | ||
| 007 | ta | ||
| 008 | 20060419b un ||||| |||| 00| 0 ukr d | ||
| 100 | _aПростопчук Оксана | ||
| 942 | _cSA | ||
| 040 |
_aUA-OsUOA _bukr _cUA-OsUOA _dUA-OsUOA |
||
| 245 | _aЗдати кров навіть корисно | ||
| 300 | _a7 с. | ||
| 955 | _a0 | ||
| 041 | _aukr | ||
| 773 | 0 | _w37935 | |
| 650 | 7 | _2UDC | |
| 999 |
_c324100 _d324100 |
||